| 000 | 00990cam a2200241 4500 | ||
|---|---|---|---|
| 001 | X112770 | ||
| 008 | 000000n2001 000 0 eng u | ||
| 035 | _a(Sirsi) u112770 | ||
| 245 | _a"The Royal Brompton Hospital National Health Service Trust v Frederick Alexander Hammond and Others" | ||
| 260 | _c2001 | ||
| 490 |
_aConstruction Industry Law Letter _v[2001] CILL 1714-1720(7) |
||
| 520 | _aTCC 18 December 2000. Clause 25 JCT 80; extension of time; expert evidence. | ||
| 650 | _aBUILT ENVIRONMENT-BUILDING CONTRACT FORMS | ||
| 650 | _aBUILT ENVIRONMENT-BUILDING CONTRACT FORMS | ||
| 650 | _aEXPERT EVIDENCE | ||
| 650 | _aEXTENSIONS OF TIME | ||
| 650 | _aJCT 1980 CL25 | ||
| 650 | _aBUILT ENVIRONMENT-BUILDING CONTRACT FORMS-STANDARD FORMS OF BUILDING CONTRACT-JOINT CONTRACTS TRIBNUAL CONTRACTS | ||
| 650 | _aNEGLIGENCE | ||
| 650 | _aROYAL BROMPTON HOSPITAL NHS TRUST V FREDERICK ALEXANDER HAMMON & OTHER | ||
| 690 | _aBUILDING AND CONSTRUCTION-CASE LAW | ||
| 942 | _n0 | ||
| 999 |
_c67143 _d67143 |
||